The shadow wife/ (Record no. 13191)
[ view plain ]
| 000 -LEADER | |
|---|---|
| fixed length control field | 00545cam a22002051 4500 |
| 001 - CONTROL NUMBER | |
| control field | 4538966 |
| 003 - CONTROL NUMBER IDENTIFIER | |
| control field | OSt |
| 005 - DATE AND TIME OF LATEST TRANSACTION | |
| control field | 20160503120218.0 |
| 008 - FIXED-LENGTH DATA ELEMENTS--GENERAL INFORMATION | |
| fixed length control field | 700820r1968 nyu 000 1 eng |
| 010 ## - LIBRARY OF CONGRESS CONTROL NUMBER | |
| LC control number | 68011882 |
| 040 ## - CATALOGING SOURCE | |
| Original cataloging agency | SEKU |
| 050 00 - LIBRARY OF CONGRESS CALL NUMBER | |
| Classification number | PZ 3 |
| Item number | .E3 |
| Classification number | PR 9639.3 .E38 |
| 100 1# - MAIN ENTRY--PERSONAL NAME | |
| Personal name | Eden, Dorothy, |
| Dates associated with a name | 1912-1982. |
| 245 14 - TITLE STATEMENT | |
| Title | The shadow wife/ |
| Statement of responsibility, etc. | Dorothy Eden |
| 250 ## - EDITION STATEMENT | |
| Edition statement | [1st American ed.] |
| 260 ## - PUBLICATION, DISTRIBUTION, ETC. (IMPRINT) | |
| Place of publication, distribution, etc. | New York, |
| Name of publisher, distributor, etc. | Coward-McCann |
| Date of publication, distribution, etc. | [1968, c1967] |
| 300 ## - PHYSICAL DESCRIPTION | |
| Extent | 252 p. |
| 655 #7 - INDEX TERM--GENRE/FORM | |
| Genre/form data or focus term | Romantic suspense novels. |
| Source of term | gsafd |
| 942 ## - ADDED ENTRY ELEMENTS (KOHA) | |
| Source of classification or shelving scheme | Library of Congress Classification |
| Koha item type | General circulation |
| Withdrawn status | Lost status | Source of classification or shelving scheme | Damaged status | Not for loan | Home library | Current library | Shelving location | Date acquired | Source of acquisition | Total Checkouts | Full call number | Barcode | Date last seen | Price effective from | Koha item type | Public note |
|---|---|---|---|---|---|---|---|---|---|---|---|---|---|---|---|---|
| Library of Congress Classification | Main Campus Library | Main Campus Library | General Stacks | 03/05/2016 | Donation - Books for Africa | PZ 3 .E3 | 2016/017093 | 03/05/2016 | 03/05/2016 | General circulation | res |